Vivir bajo las bombas [exposición] / (Record no. 189210)
[ view plain ]
| 000 -LEADER | |
|---|---|
| campo de control de longitud fija | 01518nam a2200313 i 4500 |
| 001 - NÚMERO DE CONTROL | |
| campo de control | 189210 |
| 003 - IDENTIFICADOR DE NÚMERO DE CONTROL | |
| campo de control | SpMaBN |
| 005 - FECHA Y HORA DE LA ÚLTIMA TRANSACCIÓN | |
| campo de control | 20250811062538.0 |
| 008 - DATOS DE LONGITUD FIJA--INFORMACIÓN GENERAL | |
| campo de control de longitud fija | 190425s2006 sp o c |||| | spa d |
| 020 ## - NÚMERO INTERNACIONAL ESTÁNDAR DEL LIBRO | |
| Número Internacional Estándar del Libro | 84-8181-322-2 |
| 080 ## - NÚMERO DE LA CLASIFICACIÓN DECIMAL UNIVERSAL | |
| Número de la Clasificación Decimal Universal | 913(460.27 M.)"1936/39"(084.12)(083.824) |
| 245 00 - MENCIÓN DEL TÍTULO | |
| Título | Vivir bajo las bombas [exposición] / |
| Mención de responsabilidad, etc. | [comisario y coordinación, Jesús Cañete Ochoa ; textos, César Vallejo, Nicolás Guillén, Pablo Neruda, Octavio Paz, Tomás Segovia ; las fotografías pertenecen a Alfonso Sánchez Portela ... et al.]. |
| 260 ## - PUBLICACIÓN, DISTRIBUCIÓN, ETC. | |
| Lugar de publicación, distribución, etc. | [Madrid] : |
| Nombre del editor, distribuidor, etc. | Ministerio de Cultura, Subdirección General de Publicación, Información y Documentación, |
| Fecha de publicación, distribución, etc. | [2006] |
| 300 ## - DESCRIPCIÓN FÍSICA | |
| Extensión | 119 p. : |
| Otras características físicas | principalmente il., fot. ; |
| Dimensiones | 21 x 22 cm. |
| 651 #7 - PUNTO DE ACCESO ADICIONAL DE MATERIA--NOMBRE GEOGRÁFICO | |
| Nombre geográfico | Madrid- |
| Subdivisión general | Historia- |
| Subdivisión cronológica | 1936-1939- |
| Subdivisión de forma | Exposiciones. |
| 9 (RLIN) | 166890 |
| 651 #4 - PUNTO DE ACCESO ADICIONAL DE MATERIA--NOMBRE GEOGRÁFICO | |
| Nombre geográfico | España- |
| Subdivisión general | Historia- |
| Subdivisión cronológica | 1936-1939, Guerra civil- |
| Subdivisión de forma | Obras ilustradas. |
| 9 (RLIN) | 161796 |
| 655 #7 - TERMINO DE INDIZACIÓN--GENERO/FORMA | |
| Fuente del término | tgfbne |
| 9 (RLIN) | 193628 |
| Datos o término principal de género/forma | Catálogos de exposiciones |
| 700 1# - ENTRADA AGREGADA--NOMBRE PERSONAL | |
| Nombre de persona | Cañete Ochoa, Jesús, |
| Fechas asociadas al nombre | 1967- |
| 9 (RLIN) | 157453 |
| 700 1# - ENTRADA AGREGADA--NOMBRE PERSONAL | |
| Nombre de persona | Vallejo, César, |
| Fechas asociadas al nombre | 1892-1938 |
| 9 (RLIN) | 112833 |
| 700 1# - ENTRADA AGREGADA--NOMBRE PERSONAL | |
| Nombre de persona | Guillén, Nicolás, |
| Fechas asociadas al nombre | 1902-1989 |
| 9 (RLIN) | 60771 |
| 700 1# - ENTRADA AGREGADA--NOMBRE PERSONAL | |
| Nombre de persona | Neruda, Pablo, |
| Fechas asociadas al nombre | 1904-1973 |
| 9 (RLIN) | 85398 |
| 700 1# - ENTRADA AGREGADA--NOMBRE PERSONAL | |
| Nombre de persona | Paz, Octavio, |
| Fechas asociadas al nombre | 1914-1998 |
| 9 (RLIN) | 89753 |
| 700 1# - ENTRADA AGREGADA--NOMBRE PERSONAL | |
| Nombre de persona | Segovia, Tomás, |
| Fechas asociadas al nombre | 1927-2011 |
| 9 (RLIN) | 105153 |
| 700 0# - ENTRADA AGREGADA--NOMBRE PERSONAL | |
| Nombre de persona | Alfonso, |
| Fechas asociadas al nombre | 1902-1990 |
| 9 (RLIN) | 19858 |
| 710 1# - ENTRADA AGREGADA--NOMBRE DE ENTIDAD CORPORATIVA | |
| Nombre de entidad corporativa o nombre de jurisdicción como elemento de entrada | España. |
| Unidad subordinada | Ministerio de Cultura |
| 9 (RLIN) | 3850 |
| 852 ## - LOCALIZACIÓN | |
| Ubicación | ES-MaACL |
| Número de control de estantería | A-14499 |
| itemnumber | 196348 |
| Sublocalización o colección | R.152120 |
| Ubicación en estantería | Depósito 1 |
| Signatura antigua | Olim: N-7499 |
| Donativo/Legado | Donación: Editorial |
| 942 ## - ELEMENTOS DE ENTRADA SECUNDARIOS (KOHA) | |
| Fuente del sistema de clasificación o colocación | Clasificación decimal universal |
| Tipo de ítem Koha | Libro impreso |
| Estatus retirado | Estado de pérdida | Fuente del sistema de clasificación o colocación | Estado de daño | No para préstamo | Biblioteca de origen | Biblioteca actual | Ubicación en estantería | Fecha de adquisición | Fuente de adquisición | Total de préstamos | Signatura topográfica completa | Código de barras | Visto por última vez | Precio de reemplazo | Tipo de ítem Koha |
|---|---|---|---|---|---|---|---|---|---|---|---|---|---|---|---|
| Clasificación decimal universal | Biblioteca del Ateneo de Madrid | Biblioteca del Ateneo de Madrid | Depósito 1 | 25/04/2019 | Donación | A-14499 | 1200405 | 23/02/2023 | 23/02/2023 | Libro impreso |
